History Quiz

Random History or Biography Quiz

US Presidential Museum by 3 Exhibits Quiz Stats

 Plays Quiz Updated Jun 5, 2018

Score 0/12 Timer 03:00
0 Plays Today
% Correct
Abraham Lincoln Presidential Library & Museum
97.8%
Ronald Reagan Presidential Library
93.6%
FDR Presidential Library & Museum
92.5%
Clinton Presidential Center
91.5%
Woodrow Wilson Presidential Library & Museum
86.7%
Richard Nixon Presidential Library & Museum
84.6%
Dwight D. Eisenhower Presidential Library, Museum & Boyhood Home
81%
John F. Kennedy Presidential Library & Museum
80.6%
Thomas Jefferson's Monticello
79.4%
Lyndon Baines Johnson Presidential Library
76.7%
George W. Bush Presidential Center
73.4%
George Washington's Mount Vernon
60.2%

You're not logged in!

Compare scores with friends on all Sporcle quizzes.
OR
Log In

Sporcle TV

Today on Sporcle TV


Watch our educational content, quiz creation guides, and fun videos on Sporcle TV.

Show Comments

Extras

Top Quizzes Today


Score Distribution

Your Account Isn't Verified!

In order to create a playlist on Sporcle, you need to verify the email address you used during registration. Go to your Sporcle Settings to finish the process.

Report this User

Report this user for behavior that violates our Community Guidelines.

Details: